Gaming Quiz

Random Gaming or Video Games Quiz

Video Game Taglines Quiz Stats

Quiz Updated Jun 22, 2013

Also try: Video Game Intros
Challenge
Share
Tweet
Embed
Score 0/30 Timer 06:00
6 Plays Today
% Correct
Harry Potter and the Deathly Hallows
84.1%
Guitar Hero III: Legends of Rock
76.5%
LEGO Rock Band
67.5%
Gears of War
65.5%
Call of Duty: World At War
63.7%
Need for Speed: The Run
63.4%
BioShock
58.1%
Ms. Pac-Man
54.8%
Little Big Planet
52.3%
Wii Play
51.8%
Dreamworks Madagascar Kartz
47%
Super Mario World
45.9%
Kirby's Epic Yarn
45.7%
Assassin's Creed
42.1%
inFAMOUS 2
40.5%
% Correct
Metal Gear Solid 4: Guns of the Patriots
40.2%
Wii Fit
39.7%
Kingdom Hearts
31.1%
The Misadventures of P.B. Winterbottom
30.8%
Dead Rising 2
26.5%
Just Dance 2
25.9%
The Legend of Zelda: Ocarina of Time
24.8%
Dead Space 2
24.6%
Sonic the Hedgehog 2
20.5%
Halo: Reach
20.1%
Prince of Persia: The Forgotten Sands
14.4%
Metroid Prime
13.3%
StarCraft
12.6%
Soul Calibur V
12.6%
Kinect Adventures!
11.8%

You're not logged in!

Compare scores with friends on all Sporcle quizzes.
Sign Up with Email
OR
Log In

You Might Also Like...

Show Comments

Extras

Top Quizzes Today


Score Distribution

Your Account Isn't Verified!

In order to create a playlist on Sporcle, you need to verify the email address you used during registration. Go to your Sporcle Settings to finish the process.